| 000 | 00377 a2200145 4500 | ||
|---|---|---|---|
| 999 |
_c8522 _d8522 |
||
| 020 | _a9780099565772 | ||
| 050 | _aPS 3561 ROY 2012 | ||
| 100 |
_aRoy-Bhattacharya, Joydeep _eauthor |
||
| 245 |
_aThe Watch / _cJoydeep, Roy-Bhattacharya |
||
| 264 |
_aLondon : _bVintage Books, _c2012 |
||
| 300 | _a314p.: | ||
| 500 | _aNo index | ||
| 650 | _aNovel | ||
| 942 |
_2lcc _cBK _h3561 _iROY _kPS |
||